[Event "Tournoi Skype 015A"]
[Site "Skype"]
[Date "????.??.??"]
[Round "6.25"]
[White "Meaney, Mike"]
[Black "Loyarte, Frederic"]
[Result "1-0"]
[WhiteElo "1476"]
[BlackElo "1538"]
[PlyCount "57"]

1. b3 Nf6 2. Bb2 Nc6 3. Nf3 e6 4. e3 d5 5. Bb5 a6 6. Be2 Bd6 7. d4 O-O 8. O-O
Re8 9. Nbd2 e5 10. dxe5 Nxe5 11. Nxe5 Bxe5 12. Bxe5 Rxe5 13. Nf3 Re8 14. c3 c6
15. Qc2 Qd7 16. Rad1 Re4 17. c4 Qg4 18. Bd3 Bf5 19. Bxe4 Bxe4 20. Qe2 h5 21. h3
Bxf3 22. Qxf3 Qg6 23. cxd5 cxd5 24. Rc1 Ne4 25. Rfd1 Qe6 26. Rc7 Ng5 27. Qxd5
Nxh3+ 28. gxh3 Qxh3 29. Qxf7+ 1-0

[Event "Tournoi Skype 015A"]
[Site "Skype"]
[Date "????.??.??"]
[Round "7.1"]
[White "Hervais, Adrien"]
[Black "Hilton, Stephen"]
[Result "0-1"]
[WhiteElo "1945"]
[BlackElo "1910"]
[PlyCount "106"]

1. e4 c5 2. Nf3 d6 3. c3 Nf6 4. Be2 g6 5. O-O Bg7 6. Bb5+ Bd7 7. Bxd7+ Nbxd7 8.
Re1 O-O 9. d4 cxd4 10. cxd4 d5 11. e5 Ne4 12. Re3 Rc8 13. Rb3 Qc7 14. Bf4 e6
15. Na3 a6 16. Rc1 Qb8 17. Ne1 g5 18. Be3 Rxc1 19. Bxc1 f6 20. f3 fxe5 21. fxe4
dxe4 22. Bxg5 exd4 23. Qg4 Qe5 24. Bh6 Rf7 25. Bxg7 Rxg7 26. Qe2 Nc5 27. Rh3
Qd5 28. Nb1 e3 29. Rh5 Qc6 30. Qc2 d3 31. Nxd3 Nxd3 32. Qxc6 bxc6 33. Nc3 Nf4
34. Re5 Rxg2+ 35. Kf1 e2+ 36. Nxe2 Rxe2 37. Rxe2 Nxe2 38. Kxe2 Kf7 39. Kd3 Kf6
40. b4 Ke5 41. Kc4 Kd6 42. Kd4 e5+ 43. Ke4 Ke6 44. h4 h5 45. a3 Kf6 46. Kd3 Kf5
47. a4 e4+ 48. Kd4 Kf4 49. Kc5 e3 50. Kxc6 e2 51. b5 axb5 52. a5 e1=Q 53. a6
Qa1 0-1

[Event "Tournoi Skype 015A"]
[Site "Skype"]
[Date "????.??.??"]
[Round "7.2"]
[White "Deville, Olivier"]
[Black "Jacquelin, Norbert"]
[Result "1-0"]
[WhiteElo "1845"]
[BlackElo "1877"]
[PlyCount "150"]

1. d4 d5 2. c4 e6 3. Nc3 c5 4. Nf3 cxd4 5. Nxd4 e5 6. Nf3 d4 7. Nd5 Nc6 8. e3
Bg4 9. Be2 dxe3 10. Bxe3 Nf6 11. Nxf6+ Qxf6 12. Ng5 Bxe2 13. Qxe2 Bb4+ 14. Kf1
O-O 15. Ne4 Qg6 16. Nc5 Bxc5 17. Bxc5 Nd4 18. Bxd4 exd4 19. Rd1 Rad8 20. Qd3
Qb6 21. Rd2 Rfe8 22. h4 Rd7 23. Re2 Rxe2 24. Qxe2 Kf8 25. Rh3 Re7 26. Qd2 Qe6
27. b3 Qd6 28. h5 Re4 29. h6 g6 30. Kg1 Qe7 31. Rd3 Qe5 32. Kf1 Rh4 33. Qb4+
Qe7 34. Qxe7+ Kxe7 35. g3 Rh1+ 36. Kg2 Ra1 37. Rxd4 Rxa2 38. Re4+ Kd7 39. Rd4+
Kc7 40. Rf4 f5 41. g4 Ra5 42. g5 Ra6 43. Rd4 Rd6 44. Rf4 a5 45. Kf3 Rd3+ 46.
Kg2 Rxb3 47. Rd4 Rc3 48. Rd5 b6 49. Re5 Rd3 50. Re7+ Rd7 51. Re8 Kc6 52. Kf3
Kc5 53. Rc8+ Kd6 54. c5+ bxc5 55. Ra8 Kd5 56. Rxa5 Kc4 57. Ra8 Rc7 58. Rg8 Rd7
59. Rg7 Rd3+ 60. Ke2 Kc3 61. Rxh7 c4 62. Rg7 Kc2 63. Rxg6 Rh3 64. Rf6 c3 65.
Rxf5 Rh5 66. Rf7 Rxg5 67. h7 Rh5 68. f4 Kb1 69. Rb7+ Kc1 70. f5 c2 71. f6 Rh2+
72. Ke3 Kd1 73. Rd7+ Ke1 74. Rc7 Rxh7 75. Rxc2 Rh5 1-0

[Event "Tournoi Skype 015A"]
[Site "Skype"]
[Date "????.??.??"]
[Round "7.3"]
[White "Janssen, Gerard"]
[Black "Yuvarlak, Ugur"]
[Result "0-1"]
[WhiteElo "1732"]
[BlackElo "1870"]
[PlyCount "72"]

1. d4 Nf6 2. c4 d6 3. Nc3 e5 4. dxe5 dxe5 5. Qxd8+ Kxd8 6. Bg5 c6 7. Nf3 Nbd7
8. O-O-O Kc7 9. a3 Be7 10. h3 Re8 11. g4 h6 12. Bh4 Ng8 13. Bg3 Bf8 14. b4 g6
15. c5 Bg7 16. Ne4 f5 17. Nd6 Rf8 18. gxf5 gxf5 19. e3 f4 20. exf4 exf4 21. Bh4
a5 22. b5 Nxc5 23. Rg1 Bh8 24. Nxc8 Raxc8 25. bxc6 Kxc6 26. Nd4+ Bxd4 27. a4
Kb6 28. Rg6+ Ka7 29. Kb1 Bf6 30. Bxf6 Rxf6 31. Rxf6 Nxf6 32. Bb5 Nfe4 33. Rd4
Nc3+ 34. Kb2 Nxb5 35. axb5 Re8 36. Rxf4 Nd3+ 0-1

[Event "Tournoi Skype 015A"]
[Site "Skype"]
[Date "????.??.??"]
[Round "7.4"]
[White "Plourde, Alain"]
[Black "Donmez, Unal"]
[Result "0-1"]
[WhiteElo "1849"]
[BlackElo "1895"]
[PlyCount "44"]

1. d4 d5 2. Nf3 Nf6 3. c4 e6 4. Bg5 Nbd7 5. e3 Be7 6. Nc3 c6 7. cxd5 exd5 8.
Bd3 O-O 9. O-O Re8 10. Qc2 h6 11. Bh4 Nf8 12. Ne5 Ng4 13. Bxe7 Qxe7 14. Nxg4
Bxg4 15. h3 Bh5 16. Na4 Bg6 17. Nc5 b6 18. Nb3 Rac8 19. Rac1 Qg5 20. Bxg6 Nxg6
21. Nd2 Nh4 22. Kh1 Qxg2# 0-1

[Event "Tournoi Skype 015A"]
[Site "Skype"]
[Date "????.??.??"]
[Round "7.5"]
[White "Elias, Roberto"]
[Black "Auger, Bertrand"]
[Result "1-0"]
[WhiteElo "1764"]
[BlackElo "2042"]
[PlyCount "93"]

1. c4 c5 2. Nc3 Nc6 3. e3 g6 4. Nge2 Bg7 5. d4 Nf6 6. g3 O-O 7. Bg2 Qc7 8. Nb5
Qb8 9. Rb1 d6 10. O-O Bf5 11. Ra1 Nb4 12. Bd2 a6 13. Nbc3 Bc2 14. Qc1 Bd3 15.
b3 Nd7 16. a3 Nc6 17. Re1 e5 18. d5 Na5 19. Qb2 e4 20. Nc1 Ne5 21. Qa2 b5 22.
Nxe4 Bxe4 23. Bxe4 Nb7 24. Rb1 f5 25. Bg2 Re8 26. Qc2 Nd8 27. Ne2 Ra7 28. Nf4
Rae7 29. e4 Qc8 30. Ba5 Nb7 31. Bc3 Nd8 32. exf5 gxf5 33. Nh5 Bh8 34. f4 b4 35.
axb4 cxb4 36. Bxb4 Qb7 37. Bxd6 Nf3+ 38. Bxf3 Rxe1+ 39. Rxe1 Rxe1+ 40. Kf2 Ra1
41. Bc5 Qc7 42. b4 Nb7 43. d6 Nxd6 44. Bd5+ Nf7 45. Qxf5 Ra2+ 46. Kf3 Ra3+ 47.
Kg4 1-0

[Event "Tournoi Skype 015A"]
[Site "Skype"]
[Date "????.??.??"]
[Round "7.8"]
[White "Brun, Jacques"]
[Black "Meyer, Eric"]
[Result "1/2-1/2"]
[WhiteElo "1821"]
[BlackElo "1747"]
[PlyCount "104"]

1. e4 Nf6 2. e5 Nd5 3. c4 Nb6 4. c5 Nd5 5. Nc3 e6 6. d4 b6 7. cxb6 axb6 8. Nf3
Bb7 9. Bc4 Nxc3 10. bxc3 d5 11. Bb5+ Nd7 12. Bg5 Be7 13. Qd2 O-O 14. O-O Ra5
15. Bd3 Ba6 16. Bf4 Re8 17. g3 Nf8 18. h4 f5 19. exf6 Bxf6 20. Rfe1 Bxd3 21.
Qxd3 Ng6 22. Bg5 Ra3 23. Bc1 Ra8 24. Re2 Nf8 25. Bg5 Qe7 26. Rae1 Rad8 27. Kg2
Ng6 28. Ne5 Nxe5 29. Rxe5 Qf7 30. Bxf6 gxf6 31. R5e3 Rd7 32. Qe2 Rde7 33. f4
Kg7 34. c4 dxc4 35. Qxc4 Kf8 36. a4 Qg8 37. f5 e5 38. Qxg8+ Kxg8 39. dxe5 Rxe5
40. Rxe5 Rxe5 41. Rxe5 fxe5 42. Kf3 c5 43. Ke4 c4 44. g4 h6 45. g5 h5 46. Ke3
Kg7 47. Kd2 e4 48. f6+ Kg6 49. Ke2 c3 50. Ke3 Kf7 51. Ke2 Kg6 52. Ke3 Kf7
1/2-1/2

[Event "Tournoi Skype 015A"]
[Site "Skype"]
[Date "????.??.??"]
[Round "7.9"]
[White "Fouquereau, Andre"]
[Black "Lambert, Pierre"]
[Result "0-1"]
[WhiteElo "1515"]
[BlackElo "1843"]
[PlyCount "60"]

1. e4 c5 2. c3 Nc6 3. Nf3 d6 4. Bc4 Nf6 5. Qc2 e6 6. O-O Be7 7. d4 cxd4 8. cxd4
O-O 9. Nc3 Bd7 10. Bf4 Rc8 11. Qe2 a6 12. d5 Nd4 13. Nxd4 e5 14. Ne6 fxe6 15.
dxe6 Bc6 16. Bg3 b5 17. Bd5 Nxd5 18. exd5 Bb7 19. Rad1 Rc5 20. b4 Rxc3 21. Qd2
Rc4 22. Rc1 Bg5 23. f4 Bxf4 24. Bxf4 Rcxf4 25. Rxf4 Rxf4 26. Rf1 Qb6+ 27. Rf2
Qxf2+ 28. Qxf2 Rxf2 29. Kxf2 Bxd5 30. a3 Kf8 0-1

[Event "Tournoi Skype 015A"]
[Site "Skype"]
[Date "????.??.??"]
[Round "7.10"]
[White "Ergin, Ahmet"]
[Black "Engstrom, Olle"]
[Result "1-0"]
[WhiteElo "1746"]
[BlackElo "1678"]
[PlyCount "55"]

1. e4 c5 2. d4 e6 3. d5 e5 4. Nf3 d6 5. Nc3 a6 6. Bd3 b5 7. O-O Be7 8. Be3 Nf6
9. h3 O-O 10. Nd2 b4 11. Ne2 Nbd7 12. Ng3 Nb6 13. f4 exf4 14. Bxf4 Re8 15. a3
a5 16. axb4 axb4 17. Rxa8 Nxa8 18. Nh5 Nb6 19. Nxf6+ Bxf6 20. b3 Bd4+ 21. Kh1
Qe7 22. Nf3 Bc3 23. Bd2 Be5 24. Nxe5 Qxe5 25. Qf3 Qe7 26. Bf4 Nd7 27. Bxd6 Ne5
28. Bxe5 1-0

[Event "Tournoi Skype 015A"]
[Site "Skype"]
[Date "????.??.??"]
[Round "7.11"]
[White "Murgia, Stefano"]
[Black "Megelas, Florent"]
[Result "1-0"]
[WhiteElo "1691"]
[BlackElo "1720"]
[PlyCount "45"]

1. e4 e5 2. d4 exd4 3. Qxd4 Nc6 4. Qe3 d6 5. Nc3 Nf6 6. Bd2 Ng4 7. Qe2 Nd4 8.
Qd3 Qf6 9. f4 Be7 10. Nd5 Nxc2+ 11. Qxc2 Qd4 12. O-O-O c6 13. Nf3 Qb6 14. Nxb6
axb6 15. Bc4 O-O 16. Rdf1 b5 17. Bb3 c5 18. Bd5 Nf6 19. Ng5 Nxd5 20. exd5 Bxg5
21. fxg5 Rxa2 22. Qb3 Ra4 23. Qxb5 1-0

[Event "Tournoi Skype 015A"]
[Site "Skype"]
[Date "????.??.??"]
[Round "7.12"]
[White "Baue, Michel"]
[Black "Perez Fermin, Jose"]
[Result "1/2-1/2"]
[WhiteElo "1700"]
[BlackElo "1622"]
[PlyCount "43"]

1. e4 c5 2. Nf3 d6 3. d4 cxd4 4. Nxd4 Nf6 5. Nc3 a6 6. Be2 Nc6 7. Be3 e6 8. f3
Be7 9. Qd2 Qc7 10. a3 b5 11. Nxc6 Qxc6 12. O-O O-O 13. Rfd1 Bb7 14. Rac1 Rfd8
15. Qe1 Nd7 16. Qf2 Bf6 17. Bd4 Rac8 18. Rd2 Bxd4 19. Rxd4 Qc5 20. Rcd1 Nb8 21.
R4d2 Nc6 22. Qxc5 1/2-1/2

[Event "Tournoi Skype 015A"]
[Site "Skype"]
[Date "????.??.??"]
[Round "7.13"]
[White "Segura Lozano, Marcos Antonio"]
[Black "Holtz, Steve"]
[Result "1-0"]
[WhiteElo "1883"]
[BlackElo "1499"]
[PlyCount "77"]

1. d4 Nf6 2. c4 d5 3. Nf3 Bf5 4. Nc3 Nc6 5. g3 e6 6. Bg2 Be7 7. O-O Ne4 8. cxd5
exd5 9. Be3 h5 10. Ne5 Nxe5 11. dxe5 c6 12. f3 Ng5 13. Qd2 Ne6 14. Rfd1 Nc7 15.
Bf2 Qd7 16. e4 Bh3 17. Bh1 h4 18. exd5 cxd5 19. Nxd5 Nxd5 20. Qxd5 hxg3 21.
Bxg3 Rc8 22. Rac1 Qf5 23. Qb5+ Kf8 24. Rxc8+ Qxc8 25. b4 Qc2 26. Qd5 g6 27. a3
Qa4 28. Qd3 Bf5 29. Qd4 Qxa3 30. Be1 a5 31. Ra1 Qd3 32. Qxd3 Bxd3 33. Rxa5 Kg7
34. f4 Rc8 35. Bxb7 Rc1 36. Kf2 Bh4+ 37. Ke3 Bxe1 38. Kxd3 Bxb4 39. Rb5 1-0


Bd5 Rh1 41. Bb3 1-0

[Event "Tournoi Skype 015A"]
[Site "Skype"]
[Date "????.??.??"]
[Round "7.15"]
[White "Bourdeau, Yvan"]
[Black "Montenegro, Juan Carlos"]
[Result "0-1"]
[WhiteElo "1642"]
[BlackElo "1499"]
[PlyCount "26"]

1. c4 Nf6 2. Nc3 e6 3. Nf3 d5 4. b3 Be7 5. g3 O-O 6. Bg2 Nc6 7. cxd5 exd5 8. d4
Bb4 9. Bb2 Ne4 10. Rc1 Qf6 11. e3 Bg4 12. O-O Bxc3 13. Bxc3 Ng5 0-1

[Event "Tournoi Skype 015A"]
[Site "Skype"]
[Date "????.??.??"]
[Round "7.16"]
[White "Galani, Mahendra"]
[Black "Karia, Vijay"]
[Result "0-1"]
[WhiteElo "1486"]
[BlackElo "1634"]
[PlyCount "66"]

1. g3 e5 2. e4 d5 3. Nf3 dxe4 4. Nxe5 Qd5 5. Nc4 Nf6 6. Ne3 Qa5 7. Nc3 Be6 8.
Bg2 Qe5 9. d3 c6 10. Nxe4 Nbd7 11. c3 Be7 12. Nd2 O-O 13. Nf3 Qc7 14. Nd4 Rad8
15. Nxe6 fxe6 16. d4 Nb6 17. Qb3 Qc8 18. Bd2 Kh8 19. O-O-O c5 20. dxc5 Bxc5 21.
h4 Rde8 22. h5 Bxe3 23. fxe3 Ng4 24. Rdf1 Nc4 25. Rxf8+ Rxf8 26. Bxb7 Qc7 27.
Bg2 Rf2 28. Bf1 Nxd2 29. Qxe6 Nh6 30. Qe8+ Ng8 31. Bd3 Qd6 32. Bc2 Nf1 33. Qe4
Qd2+ 0-1

[Event "Tournoi Skype 015A"]
[Site "Skype"]
[Date "????.??.??"]
[Round "7.17"]
[White "Malbec, Robert"]
[Black "Trivedi, Viral"]
[Result "0-1"]
[WhiteElo "1510"]
[BlackElo "1551"]
[PlyCount "80"]

1. e4 e5 2. Nf3 Nc6 3. Bc4 Nf6 4. Ng5 Bc5 5. Bxf7+ Kf8 6. Bb3 Bxf2+ 7. Kxf2
Nxe4+ 8. Nxe4 Qh4+ 9. Ng3 Ke7 10. Ke1 d6 11. Qf3 Rf8 12. Qe4 Rf4 13. Qd5 Nb4
14. Qg8 Nxc2+ 15. Kd1 Bg4+ 16. Kxc2 Rxg8 17. Bxg8 Bf5+ 18. Nxf5+ Rxf5 19. d3 e4
20. g3 exd3+ 21. Kxd3 Rf3+ 22. Kc2 Qe4+ 23. Kd1 Rd3+ 24. Kc2 Rxg3+ 25. Kd1
Qxh1+ 26. Kc2 Qxh2+ 27. Bd2 Qh5 28. Nc3 Qg6+ 29. Kb3 c6 30. Re1+ Kd8 31. Re6
Qf5 32. Rxd6+ Kc7 33. Re6 Qb5+ 34. Kc2 Qd3+ 35. Kb3 Qxd2 36. Bxh7 Qd5+ 37. Kc2
Qxe6 38. Bd3 Rg2+ 39. Be2 Rxe2+ 40. Nxe2 Qxe2+ 0-1

[Event "Tournoi Skype 015A"]
[Site "Skype"]
[Date "????.??.??"]
[Round "7.19"]
[White "Dal, Ibrahim"]
[Black "Leost, Joel"]
[Result "1-0"]
[WhiteElo "1748"]
[BlackElo "1497"]
[PlyCount "51"]

1. d4 f5 2. g3 Nf6 3. Bg2 e6 4. Nf3 Nc6 5. O-O b6 6. Ne5 Bb7 7. Bg5 Be7 8. Nxc6
dxc6 9. c3 O-O 10. Qb3 Qd7 11. Nd2 Rad8 12. Nf3 Qc8 13. Ne5 Rd6 14. Qa4 b5 15.
Qxa7 Nd5 16. Bxe7 Nxe7 17. Qa3 Ng6 18. f4 Nxe5 19. fxe5 Rdd8 20. Qb3 Qd7 21. a4
Ba6 22. axb5 Bb7 23. Ra7 Rb8 24. Qa2 h6 25. Rxb7 Rxb7 26. bxc6 1-0

[Event "Tournoi Skype 015A"]
[Site "Skype"]
[Date "????.??.??"]
[Round "7.20"]
[White "Saponara, Jose Maria"]
[Black "Bendre, Pankaj"]
[Result "1-0"]
[WhiteElo "1482"]
[BlackElo "1672"]
[PlyCount "85"]

1. d4 d5 2. c4 e6 3. Nc3 Nf6 4. Nf3 Nbd7 5. Bf4 Bb4 6. Qb3 Ba5 7. e3 c6 8. Bd3
O-O 9. O-O Nh5 10. Bg5 Nhf6 11. Ne5 b5 12. cxb5 Bxc3 13. bxc3 cxb5 14. Qxb5 Qc7
15. Qb2 Nxe5 16. dxe5 Ng4 17. Qc2 h6 18. Bf4 Nxe5 19. Bxe5 Qxe5 20. Rab1 Bd7
21. Rfc1 Bc6 22. Rb4 Qg5 23. h4 Qe7 24. g3 e5 25. Qb3 Qf6 26. Bf1 e4 27. Bg2
Rfe8 28. Rd1 Qe5 29. Rdd4 Rab8 30. a3 a5 31. Rb6 Ba8 32. Qb5 Rec8 33. c4 Rxb6
34. Qxb6 a4 35. Qa5 Bc6 36. cxd5 Kh7 37. Bxe4+ Kg8 38. Qa6 Bd7 39. Bf3 Qf5 40.
Bd1 Rc1 41. Qa8+ Kh7 42. d6 Qg4 43. Rxg4 1-0

[Event "Tournoi Skype 015A"]
[Site "Skype"]
[Date "????.??.??"]
[Round "7.21"]
[White "Aranzubia, Desiderio"]
[Black "Prasad Singh, Ambika"]
[Result "0-1"]
[WhiteElo "1499"]
[BlackElo "1595"]
[PlyCount "64"]

1. d4 Nf6 2. c4 d6 3. h3 g6 4. Nc3 Bg7 5. Bg5 O-O 6. Qd2 a6 7. Bh6 Re8 8. Bxg7
Kxg7 9. Nf3 Nbd7 10. e3 e5 11. dxe5 Nxe5 12. Nxe5 dxe5 13. Qxd8 Rxd8 14. Be2 b6
15. Bf3 Rb8 16. Nd5 e4 17. Nxf6 exf3 18. Ng4 h5 19. Nh2 fxg2 20. Rg1 Bxh3 21.
Nf3 f6 22. Nh4 g5 23. Nxg2 Rd6 24. Ke2 Rbd8 25. b3 Rd2+ 26. Kf3 Bg4+ 27. Kg3
Bf5 28. Ne1 h4+ 29. Kg2 Be4+ 30. Kf1 Rd1 31. Rxd1 Rxd1 32. Ke2 Ra1 0-1

[Event "Tournoi Skype 015A"]
[Site "Skype"]
[Date "????.??.??"]
[Round "7.23"]
[White "Meaney, Mike"]
[Black "Yardimci, Ertan"]
[Result "1/2-1/2"]
[WhiteElo "1476"]
[BlackElo "1515"]
[PlyCount "54"]

1. b3 Nf6 2. Bb2 g6 3. Nf3 Bg7 4. d4 d5 5. e3 O-O 6. Bd3 e6 7. Nbd2 Nbd7 8. O-O
b6 9. Re1 Bb7 10. e4 dxe4 11. Nxe4 Nxe4 12. Bxe4 Bxe4 13. Rxe4 Nf6 14. Re1 Rc8
15. Rc1 c5 16. Ba3 Re8 17. dxc5 Qxd1 18. Rexd1 bxc5 19. c4 Rc7 20. Re1 Rd8 21.
Rcd1 Rxd1 22. Rxd1 Ne4 23. Bc1 Bf6 24. Bh6 Nc3 25. Rd2 Ne4 26. Re2 Nc3 27. Rd2
Ne4 1/2-1/2

[Event "Tournoi Skype 015A"]
[Site "Skype"]
[Date "????.??.??"]
[Round "7.24"]
[White "Grimwood, Robert"]
[Black "Lowery, Mike"]
[Result "1-0"]
[WhiteElo "1491"]
[BlackElo "1499"]
[PlyCount "33"]

1. e4 c5 2. d4 Nc6 3. dxc5 Qa5+ 4. Nc3 Qxc5 5. Nf3 Nf6 6. Be3 Qa5 7. h3 g6 8.
Qd2 a6 9. O-O-O Bg7 10. a3 O-O 11. Kb1 e6 12. Nd4 Ne8 13. f3 Rb8 14. Nb3 Qc7
15. Bc4 b5 16. Be2 a5 17. Nxb5 1-0